[Event "DEN-chT 1920 58th"]
[Site "Denmark"]
[Date "2019.12.01"]
[Round "3.5"]
[White "Larsen, Karsten"]
[Black "Ahlander, Bjorn"]
[Result "0-1"]
[WhiteElo "2259"]
[BlackElo "2414"]
[PlyCount "88"]
[EventDate "2019.11.23"]
[EventType "team-tourn"]
[EventRounds "9"]
[EventCountry "DEN"]
[SourceTitle "CBM 193 Extra"]
[Source "ChessBase"]
[SourceDate "2020.01.31"]
[SourceVersion "1"]
[SourceVersionDate "2020.01.31"]
[SourceQuality "1"]
[WhiteTeam "Obro"]
[BlackTeam "Koge Xtracon"]
[WhiteTeamCountry "DEN"]
[BlackTeamCountry "DEN"]

1. e4 c5 2. Nf3 e6 3. g3 Nc6 4. Bg2 Nf6 5. d3 d5 6. Nbd2 Be7 7. 0-0 0-0 8. Re1 b5 9. e5 Nd7 10. Nf1 Bb7 11. h4 Qc7 12. Bf4 Rfc8 13. N1h2 Qd8 14. Ng5 Nf8 15. Qh5 Qe8 16. Qg4 Nd4 17. Rac1 b4 18. h5 h6 19. Ngf3 Nxf3+ 20. Nxf3 Kh8 21. Qh3 Nh7 22. g4 Qd8 23. Qg3 a5 24. Nh2 a4 25. Rf1 c4 26. d4 a3 27. b3 Ba6 28. Rfe1 Rc6 29. Bd2 Rac8 30. Bf1 Bg5 31. Bxb4 Bxc1 32. Rxc1 cxb3 33. Qxb3 Bxf1 34. Rxf1 f6 35. exf6 Qxf6 36. c3 Ng5 37. f3 Qf4 38. Kg2 e5 39. Rf2 e4 40. fxe4 Qxe4+ 41. Kg3 Re6 42. Qd1 Qe3+ 43. Kg2 Qh3+ 44. Kg1 Rce8 0-1

[Event "Helsingor Xtracon op"]
[Site "Helsingor"]
[Date "2019.07.27"]
[Round "9"]
[White "Larsen, Karsten"]
[Black "Keinanen, Toivo"]
[Result "0-1"]
[WhiteElo "2254"]
[BlackElo "2386"]
[PlyCount "68"]
[EventDate "2019.07.20"]
[EventType "swiss"]
[EventRounds "10"]
[EventCountry "DEN"]
[SourceTitle "CBM 191 Extra"]
[Source "ChessBase"]
[SourceDate "2019.09.30"]
[SourceVersion "1"]
[SourceVersionDate "2019.09.30"]
[SourceQuality "1"]

1. Nf3 d5 2. b3 Nf6 3. Bb2 e6 4. g3 Be7 5. Bg2 0-0 6. 0-0 c5 7. d3 Nc6 8. Nbd2 b5 9. a4 b4 10. Re1 Bb7 11. e4 Rc8 12. Qe2 Qc7 13. e5 Nd7 14. h4 Na5 15. Rad1 c4 16. dxc4 dxc4 17. Ne4 Bxe4 18. Qxe4 Nc5 19. Qg4 cxb3 20. cxb3 Ncxb3 21. Bf1 Rfd8 22. Bd3 Nc4 23. Qe4 g6 24. Bc1 Nc5 25. Qe2 Nxa4 26. Bxc4 Qxc4 27. Rxd8+ Bxd8 28. Qe3 Qc3 29. Qe2 b3 30. Bd2 Qc4 31. Qe3 b2 32. Qh6 Qd3 33. Ng5 Bxg5 34. Bxg5 b1Q 0-1